<?xml version="1.0" encoding="UTF-8"?>
<record
    xmlns:xsi="http://www.w3.org/2001/XMLSchema-instance"
    xsi:schemaLocation="http://www.loc.gov/MARC21/slim http://www.loc.gov/standards/marcxml/schema/MARC21slim.xsd"
    xmlns="http://www.loc.gov/MARC21/slim">

  <leader>01037nam a2200229 a 4500</leader>
  <controlfield tag="001">BRCA_160</controlfield>
  <controlfield tag="005">20190320202915.0</controlfield>
  <controlfield tag="008">920518r19911856mx-a---##b---#001-0#spa-#</controlfield>
  <datafield tag="040" ind1=" " ind2=" ">
    <subfield code="a">DLC</subfield>
    <subfield code="c">DLC</subfield>
  </datafield>
  <datafield tag="050" ind1=" " ind2="4">
    <subfield code="a">F1226</subfield>
    <subfield code="b">.B53 1991</subfield>
  </datafield>
  <datafield tag="100" ind1="1" ind2=" ">
    <subfield code="a">Portilla, Anselmo de la</subfield>
    <subfield code="d">1816-1879</subfield>
    <subfield code="9">616</subfield>
  </datafield>
  <datafield tag="245" ind1="1" ind2="0">
    <subfield code="a">Historia de la revoluci&#xF3;n de M&#xE9;xico contra la dictadura del General Santa-Anna, 1853-1855</subfield>
    <subfield code="c">Anselmo de la Portilla ; pr&#xF3;logo de Andr&#xE9;s Henestrosa ; presentaci&#xF3;n de Francisco de Antu&#xF1;ano Maurer.</subfield>
  </datafield>
  <datafield tag="260" ind1=" " ind2=" ">
    <subfield code="a">M&#xE9;xico</subfield>
    <subfield code="b">Biblioteca Mexicana de la Fundaci&#xF3;n Miguel Alem&#xE1;n</subfield>
    <subfield code="c">1991</subfield>
  </datafield>
  <datafield tag="300" ind1=" " ind2=" ">
    <subfield code="a">xxxviii, 335, clviii, 28 p.</subfield>
    <subfield code="b">il., [18] hojas de l&#xE1;minas a color, mapas</subfield>
    <subfield code="c">24 cm.</subfield>
  </datafield>
  <datafield tag="500" ind1=" " ind2=" ">
    <subfield code="a">Facs&#xED;mil de: M&#xE9;xico : Imprenta de Vicente Garc&#xED;a Torres, 1856. (edici&#xF3;n pr&#xED;ncipe)</subfield>
  </datafield>
  <datafield tag="500" ind1=" " ind2=" ">
    <subfield code="a">Incluye &#xED;ndice onom&#xE1;stico</subfield>
  </datafield>
  <datafield tag="504" ind1=" " ind2=" ">
    <subfield code="a">Bibliograf&#xED;a: p. 36-38</subfield>
  </datafield>
  <datafield tag="600" ind1="1" ind2="4">
    <subfield code="a">Santa Anna, Antonio L&#xF3;pez de</subfield>
    <subfield code="d">1794?-1876</subfield>
    <subfield code="9">617</subfield>
  </datafield>
  <datafield tag="651" ind1=" " ind2="4">
    <subfield code="a">M&#xE9;xico</subfield>
    <subfield code="x">Historia</subfield>
    <subfield code="y">1821-1861</subfield>
    <subfield code="9">618</subfield>
  </datafield>
  <datafield tag="700" ind1="1" ind2=" ">
    <subfield code="a">Antu&#xF1;ano Maurer, Francisco de</subfield>
    <subfield code="9">619</subfield>
  </datafield>
  <datafield tag="942" ind1=" " ind2=" ">
    <subfield code="2">lcc</subfield>
    <subfield code="c">B</subfield>
  </datafield>
  <datafield tag="999" ind1=" " ind2=" ">
    <subfield code="c">139</subfield>
    <subfield code="d">139</subfield>
  </datafield>
  <datafield tag="952" ind1=" " ind2=" ">
    <subfield code="0">0</subfield>
    <subfield code="1">0</subfield>
    <subfield code="4">0</subfield>
    <subfield code="7">0</subfield>
    <subfield code="a">BRCA</subfield>
    <subfield code="b">BRCA</subfield>
    <subfield code="d">2008-06-25</subfield>
    <subfield code="l">0</subfield>
    <subfield code="o">F1226 .B53 1991</subfield>
    <subfield code="p">00221</subfield>
    <subfield code="r">2019-03-22 00:00:00</subfield>
    <subfield code="w">2019-03-22</subfield>
    <subfield code="y">B</subfield>
  </datafield>
</record>
